Statistiques concernant Pays comptant le plus d'ascensions du mont Everest

Cliquez ici pour prendre le quiz!

Statistiques générales

  • Ce quiz a été pris 1,734 fois
  • Le résultat moyen est 17 sur 20

Statistiques - réponses

Ascents Pays % Correct
435Chine
99%
115France
98%
727Etats-Unis
98%
347Inde
95%
171Russie
95%
3620Népal
94%
78Italie
92%
385Royaume-Uni
92%
214Japon
92%
75Allemagne
92%
120Canada
92%
98Espagne
92%
105Australie
83%
68Suisse
80%
53Mexique
73%
42Norvège
73%
51Autriche
71%
129Corée du Sud
67%
50Pologne
64%
93Nouvelle-Zélande
59%

Distribution des résultats

Percentile par nombre de réponses

% des personnes avec chaque résultat

Votre développement - résultats

Vous n’avez pas pris ce quiz